[Event "33rd Leon Blitz Open 2020"]
[Site "chess.com INT"]
[Date "2020.07.14"]
[Round "5"]
[White "Macovei, Andrei"]
[Black "Antipov, Mikhail Al."]
[Result "0-1"]
[WhiteTitle "IM"]
[BlackTitle "GM"]
[WhiteElo "2453"]
[BlackElo "2584"]
[WhiteFideId "13904680"]
[BlackFideId "4107012"]
[EventDate "2020.07.14"]
[EventType "blitz"]

1. e4 e5 2. Nf3 Nc6 3. Bb5 Nf6 4. O-O Nxe4 5. Re1 Nd6 6. Nxe5 Nxe5 7. Rxe5+ Be7
8. Bf1 O-O 9. d4 Bf6 10. Re1 Re8 11. c3 Rxe1 12. Qxe1 Ne8 13. d5 d6 14. Be3 Bf5
15. Qd2 a5 16. a4 Be5 17. Na3 Qh4 18. g3 Qxa4 19. f4 Bf6 20. Bc4 Qd7 21. Nb5 c5
22. dxc6 bxc6 23. Nd4 Be4 24. Nb3 Qc7 25. Qf2 a4 26. Bb6 Qb8 27. Nd2 Bf5 28. b4
Bxc3 0-1

[Event "33rd Leon Blitz Open 2020"]
[Site "chess.com INT"]
[Date "2020.07.14"]
[Round "5"]
[White "Jobava, Baadur"]
[Black "Jakubowski, Krzysztof"]
[Result "1-0"]
[WhiteTitle "GM"]
[BlackTitle "GM"]
[WhiteElo "2603"]
[BlackElo "2481"]
[WhiteFideId "13601520"]
[BlackFideId "1112848"]
[EventDate "2020.07.14"]
[EventType "blitz"]

1. d4 Nf6 2. c4 e6 3. Nc3 d5 4. cxd5 exd5 5. Bf4 Bd6 6. g3 O-O 7. e3 Bb4 8. Bd3
Ne4 9. Ne2 g5 10. Be5 f6 11. Qb3 Nxc3 12. bxc3 Be7 13. h4 fxe5 14. hxg5 Rf7 15.
dxe5 Nc6 16. f4 Na5 17. Qc2 Nc4 18. Bxh7+ Kf8 19. Bg6 Rg7 20. Rh8+ Rg8 21. Rxg8+
Kxg8 22. Bh7+ Kh8 23. Kf2 Bc5 24. Nd4 Qe8 25. Rh1 Kg7 26. Bf5 Bxd4 27. exd4 Qb5
28. Bxc8 1-0

[Event "33rd Leon Blitz Open 2020"]
[Site "chess.com INT"]
[Date "2020.07.14"]
[Round "5"]
[White "Lazavik, Denis"]
[Black "Pandey, Srishti"]
[Result "1-0"]
[WhiteTitle "FM"]
[BlackTitle "WFM"]
[WhiteElo "2424"]
[BlackElo "2026"]
[WhiteFideId "13515110"]
[BlackFideId "35093290"]
[EventDate "2020.07.14"]
[EventType "blitz"]

1. d4 Nf6 2. c4 g6 3. g3 Bg7 4. Bg2 d6 5. Nc3 O-O 6. Nf3 Nbd7 7. O-O e5 8. e4
exd4 9. Nxd4 Nc5 10. h3 Re8 11. Re1 Bd7 12. Rb1 a5 13. Ndb5 Qc8 14. Kh2 h6 15.
Bf4 Re6 16. Qc2 Nh5 17. Be3 Re8 18. Rbd1 a4 19. Nd5 Bxb5 20. cxb5 b6 21. b4 axb3
22. axb3 Qd7 23. Bxc5 bxc5 24. b6 Ra5 25. bxc7 Nf6 26. b4 cxb4 27. Nb6 Rc5 28.
Qxc5 dxc5 29. Nxd7 Nxd7 30. Rxd7 Bf6 31. e5 b3 32. exf6 Rxe1 33. c8=Q+ Kh7 34.
Qf8 Rh1+ 35. Bxh1 b2 36. Qg7# 1-0

[Event "33rd Leon Blitz Open 2020"]
[Site "chess.com INT"]
[Date "2020.07.14"]
[Round "5"]
[White "Arjun, Kalyan"]
[Black "Vovk, Orest"]
[Result "1-0"]
[WhiteTitle "IM"]
[BlackTitle "FM"]
[WhiteElo "2477"]
[BlackElo "2315"]
[WhiteFideId "35018701"]
[BlackFideId "14113490"]
[EventDate "2020.07.14"]
[EventType "blitz"]

1. d4 h6 2. e4 g5 3. Bc4 Bg7 4. h4 g4 5. Qxg4 Bxd4 6. e5 Nc6 7. Nf3 d5 8. Qg7
dxc4 9. Qxh8 Kd7 10. O-O Ke6 11. Nbd2 b5 12. c3 Bb6 13. Ne4 Bb7 14. Be3 Qd3 15.
Nc5+ Bxc5 16. Bxc5 Nf6 17. Qxh6 Nxe5 18. Nxe5 Qe4 19. Nf3 Rg8 20. Rfe1 Kf5 21.
Rxe4 Bxe4 22. Nd4+ 1-0

[Event "33rd Leon Blitz Open 2020"]
[Site "chess.com INT"]
[Date "2020.07.14"]
[Round "5"]
[White "Hoang, Thi Bao Tram"]
[Black "Vishnu Prasanna, V"]
[Result "1-0"]
[WhiteTitle "WGM"]
[BlackTitle "GM"]
[WhiteElo "2288"]
[BlackElo "2476"]
[WhiteFideId "12401102"]
[BlackFideId "5030692"]
[EventDate "2020.07.14"]
[EventType "blitz"]

1. d4 Nf6 2. c4 e6 3. Nf3 d5 4. e3 Bd6 5. Qc2 O-O 6. b3 b6 7. Bb2 Bb7 8. Nbd2
Nbd7 9. Bd3 c5 10. cxd5 exd5 11. Ne5 Re8 12. Ndf3 Ne4 13. O-O Rc8 14. Qe2 Rc7
15. Rac1 Nxe5 16. dxe5 Bf8 17. Rfd1 Qc8 18. Nd2 f5 19. f4 g5 20. Nf3 gxf4 21.
exf4 Rg7 22. g3 d4 23. Nxd4 cxd4 24. Rxc8 Rxc8 25. Bc4+ Kh8 26. Be6 Rc3 27. Rd3
Ba6 28. Bxc3 dxc3 29. Bc4 Bxc4 30. bxc4 Rc7 31. Rd8 Kg7 32. Qd3 Bc5+ 33. Kg2 b5
34. Rd7+ Rxd7 35. Qxd7+ Kf8 36. Qxf5+ 1-0

[Event "33rd Leon Blitz Open 2020"]
[Site "chess.com INT"]
[Date "2020.07.14"]
[Round "5"]
[White "Nitin, S."]
[Black "Shvedova, Alexandra"]
[Result "0-1"]
[WhiteTitle "IM"]
[BlackTitle "WFM"]
[WhiteElo "2381"]
[BlackElo "1994"]
[WhiteFideId "5018277"]
[BlackFideId "54154782"]
[EventDate "2020.07.14"]
[EventType "blitz"]

1. e4 e5 2. Nf3 Nc6 3. Nc3 g6 4. d4 exd4 5. Nxd4 Bg7 6. Be3 Nf6 7. Qd2 O-O 8.
O-O-O Re8 9. f3 d5 10. Nxc6 bxc6 11. Qf2 Qe7 12. Bc5 Qe6 13. exd5 Nxd5 14. Ne4
Rb8 15. c3 Nb6 16. b3 a5 17. Bxb6 Rxb6 18. Bc4 Qf5 19. Rhe1 Be6 20. Nd6 Qf4+ 21.
Kb2 Reb8 22. Rxe6 cxd6 23. Rexd6 Qxc4 24. Rd8+ Bf8 25. Qe3 Rxb3+ 26. axb3 Qxb3+ 0-1

[Event "33rd Leon Blitz Open 2020"]
[Site "chess.com INT"]
[Date "2020.07.14"]
[Round "5"]
[White "Vantika, Agrawal"]
[Black "Musovic, Armin"]
[Result "1/2-1/2"]
[WhiteTitle "WIM"]
[BlackTitle "FM"]
[WhiteElo "2286"]
[BlackElo "2207"]
[WhiteFideId "25050389"]
[BlackFideId "939935"]
[EventDate "2020.07.14"]
[EventType "blitz"]

1. d4 d5 2. c4 c5 3. Nf3 Nf6 4. cxd5 cxd4 5. Nxd4 Nxd5 6. e4 Nf6 7. Nc3 e5 8.
Bb5+ Bd7 9. Bxd7+ Qxd7 10. Nf3 Qxd1+ 11. Kxd1 Nc6 12. Ke2 O-O-O 13. Bg5 Rg8 14.
Rhd1 Bd6 15. Bxf6 gxf6 16. g3 Rg4 17. Rd2 Bb4 18. Rxd8+ Nxd8 19. Rc1 Bxc3 20.
Rxc3+ Nc6 21. Ke3 Kd7 22. Rb3 b6 23. Rd3+ Kc7 24. Rc3 Kd7 25. Rd3+ Ke6 26. Rc3
Kd7 27. Rd3+ 1/2-1/2

[Event "33rd Leon Blitz Open 2020"]
[Site "chess.com INT"]
[Date "2020.07.14"]
[Round "5"]
[White "Bernadskiy, Vitaliy"]
[Black "Safarli, Eltaj"]
[Result "0-1"]
[WhiteTitle "GM"]
[BlackTitle "GM"]
[WhiteElo "2629"]
[BlackElo "2598"]
[WhiteFideId "14100371"]
[BlackFideId "13402129"]
[EventDate "2020.07.14"]
[EventType "blitz"]

1. d4 Nf6 2. Nf3 g6 3. Nc3 d5 4. Bf4 Bg7 5. e3 O-O 6. h4 Bg4 7. Be2 Bxf3 8. Bxf3
c5 9. dxc5 Qa5 10. h5 Nc6 11. hxg6 hxg6 12. Kf1 Rfd8 13. Ne2 Ne4 14. c3 Qxc5 15.
Bh6 Bxh6 16. Rxh6 Kg7 17. Rh3 Ng5 18. Rg3 Nxf3 19. gxf3 Rh8 20. Kg2 Rh6 21. Nf4
Rah8 22. Qxd5 Rh2+ 23. Kf1 Qxd5 24. Nxd5 Rd8 25. Kg1 Rdh8 26. Kf1 Rd8 27. Kg1
Rh4 28. e4 e6 29. Nb4 Ne5 30. Kg2 Rd2 31. Rc1 Rxb2 32. Rc2 Rb1 0-1

[Event "33rd Leon Blitz Open 2020"]
[Site "chess.com INT"]
[Date "2020.07.14"]
[Round "5"]
[White "Sychev, Klementy"]
[Black "Shuvalov, Evgenij"]
[Result "1-0"]
[WhiteTitle "GM"]
[WhiteElo "2572"]
[BlackElo "2182"]
[WhiteFideId "4114060"]
[BlackFideId "4187237"]
[EventDate "2020.07.14"]
[EventType "blitz"]

1. e4 e6 2. b3 d5 3. Bb2 Nf6 4. e5 Nfd7 5. Qg4 c5 6. f4 Nc6 7. Nf3 f5 8. Qg3 a6
9. Be2 b5 10. Ng5 Qe7 11. Nxh7 Rxh7 12. Qg6+ Kd8 13. Qxh7 Kc7 14. Nc3 d4 15. Nd1
Bb7 16. O-O Nb4 17. c3 d3 18. Bf3 Nd5 19. c4 Nxf4 20. Bxb7 Ne2+ 21. Kh1 Kxb7 22.
Qh3 Nd4 23. cxb5 Nxe5 24. bxa6+ Rxa6 25. Nf2 g5 26. Nxd3 Ng4 27. b4 Qd7 28.
Nxc5+ Bxc5 29. bxc5 Ne2 30. Qf3+ Qc6 31. Qxe2 Ka8 32. Qf3 Kb7 33. Rab1 Kc8 34.
Qxc6+ Rxc6 35. Bd4 1-0

[Event "33rd Leon Blitz Open 2020"]
[Site "chess.com INT"]
[Date "2020.07.14"]
[Round "5"]
[White "Plat, Vojtech"]
[Black "Khanin, Semen"]
[Result "0-1"]
[WhiteTitle "GM"]
[BlackTitle "IM"]
[WhiteElo "2562"]
[BlackElo "2482"]
[WhiteFideId "325740"]
[BlackFideId "4111990"]
[EventDate "2020.07.14"]
[EventType "blitz"]

1. e4 e5 2. Nf3 Nc6 3. Bb5 a6 4. Ba4 b5 5. Bb3 g6 6. c3 Bg7 7. O-O Nge7 8. Re1
O-O 9. a4 b4 10. d4 exd4 11. cxd4 d6 12. h3 Na5 13. Bc2 c5 14. b3 Nec6 15. Bb2
c4 16. bxc4 Nxc4 17. Bc1 Qb6 18. Be3 Nxe3 19. fxe3 Na5 20. Nbd2 Be6 21. Rb1 Rac8
22. Nb3 Rc3 23. Nxa5 Qxa5 24. Bb3 Bxb3 25. Rxb3 Rfc8 26. Rxc3 Rxc3 27. d5 Qc5
28. Kf2 b3 29. e5 Bh6 30. Qd4 Bxe3+ 31. Rxe3 Qxd4 32. Nxd4 Rxe3 33. exd6 Re8 34.
Nxb3 Re5 35. Nc5 Rxd5 36. Nxa6 Rxd6 37. Nc5 Rc6 38. Nd7 Ra6 39. Nc5 Ra5 40. Ne4
Rxa4 41. Nf6+ Kg7 42. Ne8+ Kf8 43. Nc7 Ra5 0-1

[Event "33rd Leon Blitz Open 2020"]
[Site "chess.com INT"]
[Date "2020.07.14"]
[Round "5"]
[White "Starozhilov, Leonid"]
[Black "Palchuk, Andrii"]
[Result "1-0"]
[BlackTitle "FM"]
[WhiteElo "2318"]
[BlackElo "2183"]
[WhiteFideId "14106752"]
[BlackFideId "14176688"]
[EventDate "2020.07.14"]
[EventType "blitz"]

1. c4 Nf6 2. Nf3 e6 3. g3 d5 4. b3 Bd6 5. Bg2 O-O 6. O-O c6 7. Bb2 b6 8. d4 Nbd7
9. Nbd2 Ba6 10. Re1 Rc8 11. e4 Be7 12. Rc1 b5 13. e5 Ne8 14. c5 b4 15. Ra1 Bb5
16. a3 a5 17. axb4 axb4 18. Nf1 Rb8 19. h4 Nc7 20. Bc1 Re8 21. N1h2 f6 22. Bf4
fxe5 23. Nxe5 Nxe5 24. Bxe5 Bf6 25. Ng4 Bxe5 26. Nxe5 Ra8 27. Qd2 Rxa1 28. Rxa1
Qf6 29. Ra7 Na6 30. Qg5 h6 31. Qxf6 gxf6 32. Ng4 Rf8 33. Nxh6+ Kh8 34. Bh3 e5
35. Bf5 1-0

[Event "33rd Leon Blitz Open 2020"]
[Site "chess.com INT"]
[Date "2020.07.14"]
[Round "5"]
[White "Baskin, Robert"]
[Black "Murzin, Volodar"]
[Result "0-1"]
[WhiteTitle "IM"]
[BlackTitle "IM"]
[WhiteElo "2390"]
[BlackElo "2465"]
[WhiteFideId "24662402"]
[BlackFideId "44155573"]
[EventDate "2020.07.14"]
[EventType "blitz"]

1. e4 c6 2. Nc3 d5 3. Nf3 Bg4 4. h3 Bxf3 5. Qxf3 Nf6 6. Be2 e6 7. O-O Bb4 8. e5
Nfd7 9. Qg4 Bf8 10. f4 g6 11. d3 h5 12. Qg3 Be7 13. Nd1 c5 14. c3 Nc6 15. Qe1
Qc7 16. a4 h4 17. Nf2 O-O-O 18. Ng4 Rdg8 19. Bd1 Rg7 20. Bd2 g5 21. fxg5 Ndxe5
22. Nf6 Nxd3 23. Qe2 c4 24. Bc2 Nce5 25. Bxd3 Nxd3 26. Qg4 Kb8 27. Be3 Bc5 28.
Bd4 Bxd4+ 29. cxd4 Ka8 30. Rf3 Qb6 31. Raf1 Ne5 32. Qf4 Nxf3+ 33. Rxf3 Qxb2 34.
Kh2 c3 35. Qc7 Rxg5 36. Rxc3 Qxg2# 0-1

[Event "33rd Leon Blitz Open 2020"]
[Site "chess.com INT"]
[Date "2020.07.14"]
[Round "5"]
[White "Albuquerque Junior, Wellington S."]
[Black "Sadovsky, Artem"]
[Result "0-1"]
[BlackTitle "IM"]
[WhiteElo "2209"]
[BlackElo "2421"]
[WhiteFideId "2151480"]
[BlackFideId "4155840"]
[EventDate "2020.07.14"]
[EventType "blitz"]

1. d4 g6 2. Nc3 Bg7 3. e4 d6 4. Be3 e5 5. Nge2 Nc6 6. Qd2 f5 7. exf5 Bxf5 8.
dxe5 Nxe5 9. Nf4 Nf6 10. O-O-O O-O 11. f3 g5 12. Nfd5 h6 13. h4 Nxd5 14. Qxd5+
Rf7 15. hxg5 hxg5 16. f4 Ng4 17. Bd4 c6 18. Qc4 d5 19. Qb4 a5 20. Qc5 gxf4 21.
Bxg7 Rxg7 22. Qd4 Qg5 23. Kb1 Ne3 24. Rd2 Re8 25. Ne2 Nxf1 26. Rxf1 Qxg2 27.
Qxf4 Rf7 28. Rg1 Qxg1+ 29. Nxg1 Re1+ 30. Rd1 Rxd1+ 31. Qc1 Rxc1+ 32. Kxc1 0-1

[Event "33rd Leon Blitz Open 2020"]
[Site "chess.com INT"]
[Date "2020.07.14"]
[Round "5"]
[White "Castillo Pena, Patricia Evarista"]
[Black "Christensen, Thomas2"]
[Result "1-0"]
[WhiteTitle "WCM"]
[BlackTitle "CM"]
[WhiteElo "1770"]
[BlackElo "2143"]
[WhiteFideId "6412106"]
[BlackFideId "1407635"]
[EventDate "2020.07.14"]
[EventType "blitz"]

1. d4 f5 2. Nf3 Nf6 3. e3 g6 4. Bd3 Bg7 5. b3 O-O 6. Bb2 d6 7. O-O Nbd7 8. c4
Qe8 9. Nbd2 e5 10. dxe5 dxe5 11. e4 f4 12. b4 c6 13. Qb3 Kh8 14. Rad1 Nh5 15. c5
h6 16. Nc4 g5 17. Nd6 Qg6 18. Be2 a5 19. Nxc8 Nxc5 20. bxc5 Raxc8 21. Rd6 Qe8
22. Rfd1 g4 23. Nh4 f3 24. gxf3 Nf4 25. Bf1 Qh5 26. Nf5 gxf3 27. Kh1 Bf6 28.
Rxf6 Rxf6 29. Bxe5 Rf8 30. Bxf4 Qg4 31. Be5 Rg8 32. Bxf6+ Kh7 33. Qf7+ 1-0

[Event "33rd Leon Blitz Open 2020"]
[Site "chess.com INT"]
[Date "2020.07.14"]
[Round "5"]
[White "Hoffmann, Asa"]
[Black "Bujisho, Benjamin"]
[Result "1-0"]
[WhiteTitle "FM"]
[BlackTitle "IM"]
[WhiteElo "2185"]
[BlackElo "2290"]
[WhiteFideId "2001470"]
[BlackFideId "608610"]
[EventDate "2020.07.14"]
[EventType "blitz"]

1. d4 d6 2. e4 g6 3. Be3 Nf6 4. f3 Bg7 5. Qd2 O-O 6. Nc3 e5 7. Nge2 exd4 8. Nxd4
Nc6 9. O-O-O Nxd4 10. Bxd4 Be6 11. g4 a6 12. h4 b5 13. h5 c5 14. Be3 b4 15. Nd5
Bxd5 16. exd5 Re8 17. Bg5 Ra7 18. Bc4 a5 19. Bb5 Re5 20. Bc6 a4 21. Qf4 c4 22.
hxg6 hxg6 23. Bh6 Bh8 24. Qxc4 b3 25. cxb3 axb3 26. a3 Rae7 27. Qxb3 Re2 28. Bg5
R7e5 29. Bd2 Bg7 30. Rhe1 Nd7 31. Bxd7 Qxd7 32. Bc3 Rxe1 33. Rxe1 Rxe1+ 34. Bxe1
Qe7 35. Bc3 Qe3+ 36. Kb1 Qd3+ 37. Ka2 Bxc3 38. bxc3 Qxd5 39. Qxd5 1-0

[Event "33rd Leon Blitz Open 2020"]
[Site "chess.com INT"]
[Date "2020.07.14"]
[Round "5"]
[White "Serreau, David"]
[Black "Stojanovski, Sandi"]
[Result "1/2-1/2"]
[WhiteTitle "CM"]
[BlackTitle "FM"]
[WhiteElo "2155"]
[BlackElo "2232"]
[WhiteFideId "631957"]
[BlackFideId "1403249"]
[EventDate "2020.07.14"]
[EventType "blitz"]

1. Nf3 d5 2. c4 e6 3. g3 Nf6 4. Bg2 c5 5. O-O Nc6 6. d4 Be7 7. cxd5 exd5 8. Nc3
O-O 9. Bg5 c4 10. b3 cxb3 11. Qxb3 Be6 12. Qxb7 Na5 13. Qa6 Nc4 14. Ne5 Nxe5 15.
dxe5 Ng4 16. Bxe7 Qxe7 17. Bxd5 Rac8 18. Bxe6 fxe6 19. Rac1 Rc5 20. Qd6 Qc7 21.
Qxc7 Rxc7 22. Nb5 Rb7 23. a4 Nxe5 24. Rfd1 a6 25. Nd4 Re8 26. e3 h5 27. Rc2 h4
28. Rdc1 h3 29. Rc8 Rxc8 30. Rxc8+ Kh7 31. Rc1 Rb4 32. Nxe6 Rxa4 33. Ng5+ Kg6
34. Nxh3 Ra2 35. Nf4+ Kf5 36. h3 a5 37. Rc5 Ke4 38. Kg2 a4 39. Nd5 Rxf2+ 40.
Kxf2 Nd3+ 41. Ke2 Nxc5 42. Nc3+ Ke5 43. Kf3 a3 44. g4 Na4 45. Na2 Kd5 46. Kf4
Kc4 47. h4 Kb3 48. Nc1+ Kb2 49. Nd3+ Kc3 50. Nc1 Kc2 51. Na2 Kb3 52. Nc1+ Kb2
53. Nd3+ Kc3 54. Nc1 Kb2 1/2-1/2

[Event "33rd Leon Blitz Open 2020"]
[Site "chess.com INT"]
[Date "2020.07.14"]
[Round "5"]
[White "Onischuk, Vladimir"]
[Black "Riehle, Marco"]
[Result "1-0"]
[WhiteTitle "GM"]
[BlackTitle "FM"]
[WhiteElo "2633"]
[BlackElo "2347"]
[WhiteFideId "14114038"]
[BlackFideId "12904392"]
[EventDate "2020.07.14"]
[EventType "blitz"]

1. e4 e5 2. Nf3 Nf6 3. Nxe5 Nxe4 4. Qe2 Qe7 5. Qxe4 d6 6. Nc3 Qxe5 7. Qxe5+ dxe5
8. Bc4 Bc5 9. d3 O-O 10. Be3 Bd4 11. Bxd4 exd4 12. Nb5 Na6 13. Nxd4 Nc5 14. Kd2
c6 15. Rhe1 Bd7 16. Re7 b5 17. b4 bxc4 18. bxc5 Rfd8 19. dxc4 Rab8 20. Kc3 a5
21. Ree1 Kf8 22. Rab1 g6 23. Rb6 Rdc8 24. Reb1 Ra8 25. Rb7 Be8 26. a4 h5 27. f4
Kg7 28. Re1 Rab8 29. Ree7 h4 30. Nf3 h3 31. g4 Rd8 32. Nd4 Rdc8 33. g5 Kf8 34.
Nb3 Ra8 35. Re3 Rd8 36. Rxh3 Rd1 37. Rf3 Bd7 38. Rd3 Rxd3+ 39. cxd3 Bf5 40. Nd4
Bh3 41. Nxc6 Bg2 42. Rc7 Re8 43. Ne5 Rb8 44. Nd7+ 1-0

[Event "33rd Leon Blitz Open 2020"]
[Site "chess.com INT"]
[Date "2020.07.14"]
[Round "5"]
[White "Santos Latasa, Jaime"]
[Black "Nikitenko, Mihail"]
[Result "0-1"]
[WhiteTitle "GM"]
[BlackTitle "IM"]
[WhiteElo "2575"]
[BlackElo "2436"]
[WhiteFideId "2293307"]
[BlackFideId "13506862"]
[EventDate "2020.07.14"]
[EventType "blitz"]

1. d4 d5 2. Nf3 Nf6 3. c4 c6 4. e3 e6 5. b3 Nbd7 6. Bb2 Bd6 7. Bd3 b6 8. Nbd2
Bb7 9. O-O O-O 10. Ne5 c5 11. cxd5 exd5 12. f4 cxd4 13. exd4 h6 14. Qf3 Bb4 15.
Rad1 Rc8 16. Qh3 Qe7 17. a3 Bxd2 18. Rxd2 Rc7 19. Bf5 Ne4 20. Bxe4 dxe4 21. d5
Nxe5 22. Bxe5 Qc5+ 23. Kh1 Rcc8 24. d6 e3 25. b4 Qc4 26. Rdd1 e2 27. Rfe1 exd1=Q
28. Rxd1 Qe2 29. Rg1 f6 30. d7 Rcd8 31. Bc7 Bxg2+ 32. Rxg2 Qd1+ 33. Rg1 Qd5+ 0-1

[Event "33rd Leon Blitz Open 2020"]
[Site "chess.com INT"]
[Date "2020.07.14"]
[Round "5"]
[White "Nguyen, Thanh Thuy Tien"]
[Black "Leve, Nitai"]
[Result "1-0"]
[WhiteTitle "WIM"]
[WhiteElo "1971"]
[BlackElo "2128"]
[WhiteFideId "12400998"]
[BlackFideId "2006898"]
[EventDate "2020.07.14"]
[EventType "blitz"]

1. Nf3 d5 2. e3 Nf6 3. c4 c6 4. Nc3 a6 5. d4 b5 6. c5 Bg4 7. Qb3 Bxf3 8. gxf3 e5
9. dxe5 Nfd7 10. f4 Nxc5 11. Qc2 Be7 12. Rg1 g6 13. f5 Nbd7 14. f4 Bh4+ 15. Kd1
d4 16. exd4 Nxe5 17. Qe2 Qxd4+ 18. Kc2 O-O-O 19. fxe5 Qxg1 20. Be3 Qh1 21. Bxc5
gxf5 22. a4 Bg5 23. Bd6 Rhe8 24. Qf2 b4 25. Bxa6+ Kd7 26. Qa7+ Ke6 27. Rxh1 Rxd6
28. exd6 bxc3 29. Re1+ Kf6 30. Rxe8 1-0

[Event "33rd Leon Blitz Open 2020"]
[Site "chess.com INT"]
[Date "2020.07.14"]
[Round "5"]
[White "Manninen, Marko"]
[Black "Chernikov, Vladimir"]
[Result "0-1"]
[WhiteTitle "IM"]
[BlackTitle "FM"]
[WhiteElo "2377"]
[BlackElo "2231"]
[WhiteFideId "500690"]
[BlackFideId "14112914"]
[EventDate "2020.07.14"]
[EventType "blitz"]

1. d4 Nf6 2. c4 e5 3. dxe5 Ng4 4. Nh3 Nxe5 5. e3 g6 6. Nf4 Bg7 7. Nc3 O-O 8. Be2
d6 9. O-O Be6 10. Nxe6 fxe6 11. f4 Nec6 12. Ne4 Nd7 13. Rb1 a5 14. b3 Qe7 15. a3
e5 16. Ng5 Nf6 17. b4 axb4 18. axb4 h6 19. Nf3 exf4 20. exf4 Rae8 21. Bd3 Qf7
22. Qc2 Ne7 23. Nh4 Kh7 24. Bd2 Ng4 25. Rbe1 Bd4+ 26. Kh1 Nf2+ 27. Rxf2 Bxf2 28.
Rxe7 Qxe7 29. Bxg6+ Kg8 30. Bxe8 Qxe8 31. Ng6 Qe2 32. Qc1 Rf6 33. f5 Rxf5 34.
Bxh6 Be1 35. h4 Rf1+ 36. Kh2 Bg3+ 37. Kxg3 Rxc1 0-1

[Event "33rd Leon Blitz Open 2020"]
[Site "chess.com INT"]
[Date "2020.07.14"]
[Round "5"]
[White "Budrewicz, Krzysztof"]
[Black "Sahil, Tickoo"]
[Result "1-0"]
[WhiteElo "2227"]
[BlackElo "2245"]
[WhiteFideId "1127950"]
[BlackFideId "5019710"]
[EventDate "2020.07.14"]
[EventType "blitz"]

1. d4 d5 2. c4 e6 3. Nc3 Nf6 4. Nf3 Be7 5. Bf4 O-O 6. e3 b6 7. Bd3 c5 8. cxd5
Nxd5 9. Nxd5 exd5 10. O-O c4 11. Bc2 b5 12. a4 b4 13. a5 Nc6 14. Ne5 Nxe5 15.
Bxe5 Be6 16. Qh5 g6 17. Qh6 Bf6 18. f4 Bxe5 19. fxe5 f5 20. exf6 Rxf6 21. Rxf6
Qxf6 22. Rf1 Qg7 23. Qg5 Rf8 24. Rxf8+ Kxf8 25. Qd8+ Kf7 26. Qb8 Kf6 27. Qxb4
Qh6 28. Qe1 Bf5 29. Bxf5 gxf5 30. Qg3 f4 31. exf4 Kf5 32. Qf3 Qxf4 33. Qxd5+ Kg4
34. Qf3+ Kf5 35. Kf2 Kg5 36. Qxf4+ Kxf4 37. Ke2 Ke4 38. Kd2 Kxd4 39. g4 h6 40.
h4 Ke4 41. Kc3 Kf4 42. g5 hxg5 43. hxg5 Kxg5 44. Kxc4 Kf6 45. Kb5 Ke7 46. Ka6
Kd6 47. Kxa7 Kc7 48. b4 1-0

[Event "33rd Leon Blitz Open 2020"]
[Site "chess.com INT"]
[Date "2020.07.14"]
[Round "5"]
[White "Erigaisi, Arjun"]
[Black "Maly, Alexey"]
[Result "1/2-1/2"]
[WhiteTitle "GM"]
[BlackTitle "IM"]
[WhiteElo "2559"]
[BlackElo "2371"]
[WhiteFideId "35009192"]
[BlackFideId "14103184"]
[EventDate "2020.07.14"]
[EventType "blitz"]

1. Nf3 c5 2. e3 Nc6 3. b3 Nf6 4. Bb2 g6 5. d4 cxd4 6. Nxd4 Bg7 7. Be2 Nxd4 8.
Bxd4 O-O 9. O-O d6 10. c4 Bd7 11. h3 Bc6 12. Nd2 Qa5 13. Qc2 Rfc8 14. Qb2 Qd8
15. Rfd1 Qf8 16. a4 Nd7 17. a5 Bxd4 18. exd4 Nf6 19. d5 Bd7 20. a6 b6 21. Nf1
Rab8 22. Qd4 Qg7 23. Ne3 Be8 24. b4 Nd7 25. Qe4 Qe5 26. Qd3 b5 27. cxb5 Nb6 28.
Rac1 Bd7 29. Bg4 f5 30. Bf3 Na4 31. Rxc8+ Rxc8 32. Re1 Qc3 33. Qxc3 Rxc3 34. Nd1
Rb3 35. Rxe7 Nb6 36. Ne3 Rxb4 37. Be2 Kf8 38. Rxh7 Kg8 39. Re7 Kf8 40. Rh7 Kg8
41. Re7 Kf8 42. Rh7 1/2-1/2

[Event "33rd Leon Blitz Open 2020"]
[Site "chess.com INT"]
[Date "2020.07.14"]
[Round "5"]
[White "Visakh, N R"]
[Black "Gimenez Aguirre, Alejo Ismael"]
[Result "1-0"]
[WhiteTitle "GM"]
[BlackTitle "IM"]
[WhiteElo "2516"]
[BlackElo "2265"]
[WhiteFideId "25012223"]
[BlackFideId "32041667"]
[EventDate "2020.07.14"]
[EventType "blitz"]

1. e4 c5 2. Nf3 g6 3. d4 cxd4 4. Nxd4 Bg7 5. c4 Nc6 6. Be3 Nf6 7. Nc3 d6 8. Be2
h5 9. h3 O-O 10. O-O Kh7 11. Rc1 Nxd4 12. Bxd4 Qa5 13. b3 a6 14. a4 Bd7 15. Qd3
Rac8 16. Bxf6 Bxf6 17. Nd5 Rc6 18. Bxh5 Bg5 19. f4 Bh4 20. Bg4 e6 21. Ne3 Rb6
22. Bd1 Rb4 23. Kh2 Be7 24. Nc2 Rb6 25. Bf3 f5 26. exf5 gxf5 27. b4 Qxa4 28. Ra1
Bf6 29. Rxa4 Bxa4 30. Nd4 Bd7 31. c5 Rxb4 32. Nxe6 Bxe6 33. Qxd6 Re8 34. c6 Rb6
35. Qc7+ Re7 36. Qxb6 bxc6 37. Qxc6 a5 38. Re1 1-0

[Event "33rd Leon Blitz Open 2020"]
[Site "chess.com INT"]
[Date "2020.07.14"]
[Round "5"]
[White "Priyanka, K"]
[Black "Panda, Vedic"]
[Result "1-0"]
[WhiteTitle "WIM"]
[WhiteElo "2218"]
[BlackElo "2069"]
[WhiteFideId "5082986"]
[BlackFideId "30903416"]
[EventDate "2020.07.14"]
[EventType "blitz"]

1. e4 e5 2. Nf3 Nc6 3. Bb5 a6 4. Ba4 Nf6 5. d3 b5 6. Bb3 Be7 7. Nc3 d6 8. a3 O-O
9. Nd5 Na5 10. Ba2 c6 11. Nxe7+ Qxe7 12. b4 Nb7 13. Bg5 Be6 14. c4 h6 15. Bh4 a5
16. O-O axb4 17. axb4 Ra4 18. Qb3 Rfa8 19. Qb2 Qd8 20. Bxf6 gxf6 21. Ne1 bxc4
22. dxc4 Bxc4 23. Bxc4 Rxa1 24. Qb3 Qd7 25. Qg3+ Kf8 26. Qh4 Ke7 27. f4 Rg8 28.
fxe5 Rg6 29. Rxf6 Rxe1+ 30. Rf1+ Rg5 31. Qxe1 d5 32. exd5 cxd5 33. Bd3 Qg4 34.
Qf2 Nd8 35. Be2 Qe4 36. Qf6+ Kd7 37. Qd6+ Kc8 38. Rc1+ Kb7 39. Rc7+ 1-0